000 00789nam a22002297a 4500
999 _c12655
_d12655
003 AR-CdUCM
008 190409b ||||| |||| 00| 0 spa d
040 _aMUNICIPALIDAD PROVINCIAL DEL CUSCO
_cBIBLIOTECA MUNICIPAL DEL CUSCO
082 _a082 /
_bS79
100 _aStendhal
_912124
245 _aObras Inmortales :
_bRojo y negro La Cartuja de Parma del Amor /
260 _aMadrid :
_bE.D.A.F.,
_c[1960]
300 _a1479 paginas ;
_c17 cm.
_bIlustraciones,
440 _aColección Obras Inmortales
_930580
505 _aContenido : Rojo y negro -- La cartuja de Parma -- Del amor.
650 _aCuentos
_9312
650 _aBiografías
_9148
650 _aNarraciones
_9930
700 _aLafuerza, Gregorio.(Traductor)
_930610
942 _2ddc
_cLIBROS
945 _awnts
_d2019-04-09